Statistics for NFL players jersey numbers

Click here to take the quiz!

General Stats

  • This quiz has been taken 1,458 times
  • The average score is 10 of 11

Answer Stats

Hint Answer % Correct
Tom Brady12
100%
Cam Newton1
100%
Peyton Manning18
99%
Eli manning10
98%
Brandon Marshall15
91%
Troy Polomalu43
88%
Victor Cruz80
87%
Devin Hester23
84%

Score Distribution

Percentile by Number Answered

Percent of People with Each Score

Your Score History

You have not taken this quiz